| 000 | 00533nam a22001817u 4500 | ||
|---|---|---|---|
| 008 | 130405s2002 xxu||||| |||| 00| 0 ita d | ||
| 020 | _a8821304965 | ||
| 041 | _aita | ||
| 245 | 0 | 0 |
_aL'Eucaristia nel vissuto dei giovani _cPaolo Carlotti, Mario Maritano |
| 260 |
_aRoma: _bLibreria Ateneo Salesiano, _c2002 |
||
| 300 |
_a343 p. _c;24 cm. |
||
| 490 | 0 |
_aBiblioteca di Scienza Religiose _v175 |
|
| 650 | 0 | 0 |
_aEucaristÃa _913900 |
| 700 | 1 |
_aMaritano, Mario _945001 |
|
| 700 | 1 |
_aCarlotti, Paolo _912852 |
|
| 942 | _cBK | ||
| 001 | 79864 | ||
| 999 |
_c288348 _d288348 |
||